000 00518pam a2200193 4500
001 3219
005 20181127170821.0
008 971113r19981992nyu 000 0aeng
010 _a 97046501
020 _a9780141045498
043 _ae-uk---
100 1 _aHornby, Nick.
245 1 0 _aFever pitch /
_cNick Hornby.
260 _aNew Delhi :
_bPenguin Books,
_c2009.
300 _a239 p. ;
_c18 cm.
600 1 0 _aHornby, Nick.
650 0 _aAuthors, English
_y20th century
_xBiography.
650 0 _aSoccer
_zGreat Britain.
999 _c2603
_d2603